The Legend of Zelda - Breath of the Wild - Niveau facile - Statistiques

Statistiques générales
  • Ce quiz a été pris 145 fois
  • Le résultat moyen est 10 sur 11
Statistiques - réponses
Questions Réponses % Correct
Nom de l'objet tirant des flèches Arc
99%
Nom du héros Link
99%
Nom du boss final Ganon
98%
Nom du royaume Hyrule
98%
Personnages pouvant améliorer la résistance des vêtements Grandes fées
94%
Monnaie du jeu Rubis
93%
Lieux pour se reposer et enregistrer des chevaux Relais
91%
Nombre de types de flèches 6
90%
Édifices permettant d'obtenir des emblèmes du triomphe Sanctuaires
88%
Nom de l'épée sacrée du héros Épée de légende
83%
Objet permettant de se téléporter et d'utiliser la longue-vue Tablette Sheikah
69%
Aucun quiz correspondant
Distribution des résultats
% des personnes avec chaque résultat
Percentile par nombre de réponses
Votre historique - résultats
Vous n’avez pas pris ce quiz